书目信息 |
| 题名: |
零售学精要
|
|
| 作者: | 利维 , 韦茨 , 张永强 著 | |
| 分册: | ||
| 出版信息: | 北京 机械工业出版社 2009.01 |
|
| 页数: | 12, 345页 | |
| 开本: | 26cm | |
| 丛书名: | ||
| 单 册: | ||
| 中图分类: | F713.32 | |
| 科图分类: | ||
| 主题词: | 零售商业--ling shou shang ye--商业经营--教材 | |
| 电子资源: | ||
| ISBN: | 978-7-111-25434-8 | |
| 000 | 01095nam0 2200277 450 | |
| 001 | 012009425273 | |
| 005 | 20091227090207.45 | |
| 010 | @a978-7-111-25434-8@dCNY39.00 | |
| 100 | @a20091227d2009 em y0chiy0120 ea | |
| 101 | 0 | @achi |
| 102 | @aCN@b110000 | |
| 105 | @ay z 000yy | |
| 106 | @ar | |
| 200 | 1 | @a零售学精要@Aling shou xue jing yao@e中国版@f(美) 迈克尔·利维, 巴顿·A. 韦茨, 张永强著@F(mei)mai ke er·li wei,ba dun·A.wei ci,zhang yong qiang zhu@d= Essentials of retailing@fMichael Levy, Barton A. Weitz@zeng |
| 210 | @a北京@c机械工业出版社@d2009.01 | |
| 215 | @a12, 345页@d26cm | |
| 300 | @a华章国际经典教材 | |
| 330 | @a本书共17章,内容涉及零售环境、零售战略、零售机构、零售服务、零售方式、零售管理、零售顾客及竞争对手的分析。 | |
| 510 | 1 | @aEssentials of retailing@zeng |
| 606 | 0 | @a零售商业@Aling shou shang ye@x商业经营@j教材 |
| 690 | @aF713.32@v4 | |
| 701 | 1 | @a利维@Ali wei@g(Levy, Michael)@4著 |
| 701 | 1 | @a韦茨@Awei ci@g(Weitz, Barton A.)@4著 |
| 701 | 0 | @a张永强@Azhang yong qiang@4著 |
| 801 | 0 | @aCN@bQSSK@c20091227 |
| 905 | @b768753-55@dF713.32@eL367@f3 | |
| 零售学精要:中国版/(美) 迈克尔·利维, 巴顿·A. 韦茨, 张永强著= Essentials of retailing/Michael Levy, Barton A. Weitz.-北京:机械工业出版社,2009.01 |
| 12, 345页;26cm |
| 华章国际经典教材 |
| ISBN 978-7-111-25434-8:CNY39.00 |
| 本书共17章,内容涉及零售环境、零售战略、零售机构、零售服务、零售方式、零售管理、零售顾客及竞争对手的分析。 |
| ● |
| 相关链接 |
|
|
|
正题名:零售学精要
索取号:F713.32/L367
 
预约/预借
| 序号 | 登录号 | 条形码 | 馆藏地/架位号 | 状态 | 备注 |
| 1 | 768753 | 207687537 | 社科二线422/409社科库 41排4列4层/ [索取号:F713.32/L367] | 在馆 | |
| 2 | 768754 | 207687546 | 社科库409/409社科库 41排4列4层/ [索取号:F713.32/L367] | 在馆 | |
| 3 | 768755 | 207687555 | 社科库409/409社科库 41排4列4层/ [索取号:F713.32/L367] | 在馆 |